All Is Yellow - Lyrical Lemonade - Statistics

General Stats
  • This quiz has been taken 5 times
  • The average score is 5 of 14
Answer Stats
Hint Answer % Correct
Juice Wrld and Cordae Doomsday
100%
Eminem Doomsday Pt. 2
75%
G Herbo and BabyTron Equilibrium
25%
Gus Dapperton, Lil Yachty, and Joey Badass Fallout
25%
Teezo Touchdown, Juicy J, Cochise, Denzel Curry, and Lil B First Night
25%
Sheck Wes, Ski Mask the Slump God, and JID Fly Away
25%
Lil Durk and Kid Cudi Guitar in My Room
25%
Lil Tracy, Corbin, and Black Kray Hello There
25%
Umi, SahBabii, and Teezo Touchdown Hummingbird
25%
Chief Keef and Lil Yachty Say Ya Grace
25%
Latto, Swae Lee, and Aminé Special
25%
Jack Harlow and Dave Stop Giving Me Advice
25%
Lil Tecca, The Kid Laroi, and Lil Skies This My Life
25%
Snot and 6 Dogs With the Fish
25%
No matching quizzes found
Score Distribution
Percent of People with Each Score
Percentile by Number Answered
Your Score History
You have not taken this quiz